Responses for Show #5755 - Friday, September 25, 2009

Andy Srinivasan game 1.

Contestants

[<< previous game]

Andy Srinivasan, a high school science teacher from Garner, North Carolina

Katie O'Reilly, a receptionist from Somerville, Massachusetts

Christopher Nold, an economics and film studies student from Louisville, Kentucky (whose 1-day cash winnings total $23,000)

[next game >>]

Jeopardy! Round responses

BERMUDA SHORTS
2 NUMBERS PLEASE
(Alex: And that's what we want in your response.)
SHAKESPEARE: THE REALITY SHOW
EYE CANDY
PUT ME IN, COACH!
"CENTER" FIELD
    $200 17
the United Kingdom

Katie
    $200 26
3 & 2

Christopher
    $200 1
Romeo & Juliet

Katie
    $200 14
(Christopher: What is a Reese's Piece?)
(Alex: Yes.)
(Christopher: Let's do--)
(Alex: No. No. Sorry.)

a Reese's Peanut Butter Cup

ChristopherKatie
    $200 11
Phil Jackson

Andy
    $200 6
(Alex: [After reading the clue] Oh, my!)

the centerfold

Katie
    $400 20
tourism

Katie
    $400 27
54°40'

Christopher
    $400 2
The Tempest

Christopher
    $400 15
Hot Tamales

Christopher
    $400 12
Rockne

Christopher
    $400 7
the Lincoln Center

Katie
    $600 21
Sargasso (Sea)

Christopher
    $600 28
(Katie: What are fourscore & 20?)
(Alex: Yes. No! Christopher?)
(Christopher: What are 4 & 7?)

fourscore & 7

ChristopherKatieAndy
    $600 3
King Lear

Christopher
    $600 16
(Christopher: What are Tic Tacs?)
(Andy: What are Mike and Ikes?)

Good & Plenty

ChristopherAndy
Triple Stumper
    $600 13
Jackie Joyner-Kersee

Katie
    $600 8
dead center

Triple Stumper
    $800 22
per capita income

Christopher
    $800 29
2 & 2

Katie
    $800 4
(Christopher: What is The Taming of the Shrew?)
...
(Alex: [*]--we were going for the lady, not the play.)

Kate

ChristopherKatie
    $800 18
Starburst

Christopher
    $800 24
(Bobby) Knight

Christopher
    $800 9
the Betty Ford Center

Andy
    $1000 23
(Katie: What is Spanish?)

Portuguese

ChristopherKatie
    $1000 30
(Christopher: What are 76... & 12?)
...
(Alex: I don't know where the 12 came from, Christopher, do you?)
(Christopher: Second number.)
(Alex: Second number, okay.)

76 & 110

ChristopherKatie
    $1,000 5
Falstaff

Katie
    $1000 19
Ferrero Rochers

Katie
    $1000 25
(Andy: Who is Cowher?)

Chuck Noll

Andy
Triple Stumper
    $1000 10
the Rockefeller Center

Andy

Scores at the first commercial break (after clue 15):

Christopher Katie Andy
$800 $3,400 $2,000

Scores at the end of the Jeopardy! Round:

Christopher Katie Andy
$3,200 $5,200 $1,000

Double Jeopardy! Round responses

THE MEXICAN WAR
CLASSIC TV DRAMA EPISODES
OBI-WAN KENOBI'S YARD SALE
DR. OZ
(Alex: With the Doctor himself.)
MYTHOLOGICAL SIBLINGS
WORD ORIGINS
    $400 16
Santa Anna

Katie
    $400 1
The Twilight Zone

Katie
    $400 2
GE

Christopher
    $400 11
a panic attack (an anxiety attack accepted)

Katie
    $400 21
(Alex: With a minute to go.)

the Gorgons

Andy
    $400 26
Xmas

Katie
    $2,500 17
the Halls of Montezuma

Katie
    $800 3
(Andy: What is The Waltons?)

Little House on the Prairie

Andy
Triple Stumper
    $800 7
Izod

Triple Stumper
    $800 12
complementary

Christopher
    $800 22
Castor & Pollux

Katie
    $1200 18
Zachary Taylor

Christopher
    $1200 4
Gunsmoke

Andy
    $1200 8
a saber

Andy
    $1200 13
metabolism

Christopher
    $1200 23
Apollo

Andy
    $1600 19
the Treaty of Guadalupe Hidalgo

Christopher
    $1600 5
Star Trek

Andy
    $1600 9
forceps

Katie
    $1600 14
(Katie: What is the mitrial valve?)

the mitral valve

Katie
Triple Stumper
    $1600 24
Ares

Andy
    $2000 20
General Winfield Scott

Triple Stumper
    $2000 6
Miami Vice

Christopher
    $2000 10
(Andy: Who is Collins?)
(Alex: Which one?)

Jackie Collins

Andy
    $2000 15
(Christoper: What is the pituitary?)

the thymus

Christopher
Triple Stumper
    $2000 25
Electra

Katie
    $2000 27
[The end-of-round signal sounds.]

lug

Katie

Scores at the end of the Double Jeopardy! Round:

Christopher Katie Andy
$8,400 $14,100 $9,400

[wagering suggestions for these scores]

Final Jeopardy! Round responses

ANIMALS
ChristopherWhat is the girraffe giraffe
$6,000
AndyWhat is a giraffe?
$8,000
KatieWhat is a blue whale?
$5,200
the giraffe

Final scores:

Christopher Katie Andy
$14,400 $8,900 $17,400
2nd place: $2,000 3rd place: $1,000 New champion: $17,400

Game dynamics:

Coryat scores:

Christopher Katie Andy
$8,400 $12,400 $9,400
17 R,
6 W
21 R
(including 2 DDs),
3 W
11 R,
3 W

Combined Coryat: $30,200

[game clues] [game scores] [suggest correction]

Game tape date: 2009-07-29
The J! Archive is created by fans, for fans. Scraping, republication, monetization, and malicious use prohibited; this site may use cookies and collect identifying information. See terms. The Jeopardy! game show and all elements thereof, including but not limited to copyright and trademark thereto, are the property of Jeopardy Productions, Inc. and are protected under law. This website is not affiliated with, sponsored by, or operated by Jeopardy Productions, Inc. Join the discussion at JBoard.tv.